• 首页
  • 本馆介绍
  • 公告通知
  • 最新文献
  • 馆藏检索
  • 电子资源
  • 读者导购
  • 参考咨询
  • 我的图书馆
  • 登录
  • 详细信息显示
  • 放入我的书架
  • 预约/预借图书
  • 作者相关作品
  • 分类相关作品
  • 丛书相关作品
  • 出版社相关作品

书目信息

  • 表格格式
  • 工作单格式
  • 卡片格式
题名:
金属材丝拉拔工
    
 
作者: 沈晓峰 主编
分册:  
出版信息: 北京   建材  2010.11
页数: 160页
开本: 小16开
丛书名:
单 册:
中图分类: TG356
科图分类:
主题词:
电子资源:
ISBN: 978-7-80227-885-1
000 00871nam0 2200205 450
001 1002
005 20161102160527.53
010    @a978-7-80227-885-1@dCNY20.00
092    @aCN@b0002919081
100    @a20101209d2010 em y0chiy0110 ea
101 0  @achi
105    @ay z 000yy
200 1  @a金属材丝拉拔工@9jin shu cai si la ba gong@f沈晓峰主编
210    @a北京@c建材@d2010.11
215    @a160页@d小16开
330    @a职业技术工人的培训,需要一套适合不同技术层级的培训教材。中国有色金属协会、中国铝业公司、有色金属行业技能鉴定指导中心根据国家职业教育培训的要求,组织了一批有丰富实践经验的专业技术人员、技师,编写了本套教材。本套教材具有行业针对性强和注重实用性的特点,突出理论与实践的结合,将“专业知识”和“操作技能”有机地融于一体。
690    @aTG356@v4
701  0 @a沈晓峰@9shen xiao feng@4主编
801  0 @aCN@b唐山师范学院图书馆@c20160830
905    @aZUCC@dTG356@e17
    
    金属材丝拉拔工/沈晓峰主编.-北京:建材,2010.11
    160页;小16开
    
    
    ISBN 978-7-80227-885-1:CNY20.00
    职业技术工人的培训,需要一套适合不同技术层级的培训教材。中国有色金属协会、中国铝业公司、有色金属行业技能鉴定指导中心根据国家职业教育培训的要求,组织了一批有丰富实践经验的专业技术人员、技师,编写了本套教材。本套教材具有行业针对性强和注重实用性的特点,突出理论与实践的结合,将“专业知识”和“操作技能”有机地融于一体。
●
相关链接 在E读中查询图书 在五车中查询图书 在当当中查询图书 在豆瓣中查询图书


正题名:金属材丝拉拔工     索取号:TG356/17         预约/预借

序号 登录号 条形码 馆藏地/架位号 状态 备注
1 906476   209064769   第二样本阅览室/ [索取号:TG356/17] 在馆    
2 906477   209064778   第三借阅区/ [索取号:TG356/17] 在馆    
3 906478   209064787   第三借阅区/ [索取号:TG356/17] 在馆    
4 906479   209064796   第三借阅区/ [索取号:TG356/17] 在馆    
5 906480   209064803   第三借阅区/ [索取号:TG356/17] 在馆    
唐山师范学院图书馆 欢迎您!
大连网信软件有限公司© 版权所有